[Event "AUTO-ELITE-969"]
[Site "http://www.queenalice.com/game.php?id=1054594"]
[Date "2012.4.30"]
[Round "1"]
[White "deltaboy"]
[Black "tupi_guarani"]
[Result "0-1"]
[WhiteElo "2332"]
[BlackElo "2506"]

1. Nf3 Nf6 2. g3 g6 3. Bg2 d5 4. O-O Bg7 5. d4 O-O 6. b3 Ne4 7. Bb2 c5 8. Qc1
cxd4 9. Bxd4 Nf6 10. Rd1 Nc6 11. Bb2 Qa5 12. Na3 Rd8 13. c4 Be6 14. Nd4 Nxd4 15.
Bxd4 Rac8 16. Bc3 Qb6 17. Bd4 Qa6 18. Qb2 dxc4 19. bxc4 Rxd4 20. Rxd4 Ne8 21. e3
Nd6 22. Rad1 b6 23. Bf1 Bxd4 24. Rxd4 Qa5 25. Kg2 a6 26. Be2 f6 27. Qc1 b5 28.
Rd2 Kg7 29. f3 b4 30. Nb1 Nxc4 31. Bxc4 Rxc4 32. Qb2 Qc5 33. Rf2 a5 34. a3 h5
35. axb4 Qc8 36. h4 Rxb4 37. Qa3 Rxb1 0-1

[Event "AUTO-ELITE-969"]
[Site "http://www.queenalice.com/game.php?id=1054595"]
[Date "2012.4.30"]
[Round "1"]
[White "tupi_guarani"]
[Black "deltaboy"]
[Result "1-0"]
[WhiteElo "2505"]
[BlackElo "2340"]

1. d4 Nf6 2. Nf3 d5 3. c4 e6 4. Nc3 c6 5. e3 Be7 6. Bd3 O-O 7. O-O Nbd7 8. e4
dxe4 9. Nxe4 Nxe4 10. Bxe4 Nf6 11. Bc2 c5 12. Qd3 cxd4 13. Bg5 g6 14. Rad1 e5
15. Nxe5 Bf5 16. Qe2 Bxc2 17. Qxc2 Nh5 18. Bxe7 Qxe7 19. Nf3 Nf4 20. Nxd4 Qf6
21. g3 Rad8 22. Nb5 Nh3+ 23. Kg2 Ng5 24. Qc3 Qc6+ 25. f3 Rxd1 26. Rxd1 Qe6 27.
Qd3 Qh3+ 28. Kg1 a6 29. Nc3 Qe6 30. h4 Qb6+ 31. Kg2 Ne6 32. Qc2 1-0

[Event "AUTO-ELITE-969"]
[Site "http://www.queenalice.com/game.php?id=1054598"]
[Date "2012.4.30"]
[Round "1"]
[White "Chuzete"]
[Black "tupi_guarani"]
[Result "1-0"]
[WhiteElo "2428"]
[BlackElo "2502"]

1. c4 e5 2. g3 Nf6 3. Bg2 Nc6 4. Nc3 Bc5 5. e3 O-O 6. Nge2 d6 7. d4 Bb6 8. O-O
Bg4 9. h3 Bd7 10. b3 Re8 11. dxe5 Nxe5 12. Nf4 Bc6 13. Nfd5 Nxd5 14. Nxd5 Bxd5
15. cxd5 Qf6 16. Bd2 a5 17. Rc1 Qg6 18. Qe2 f5 19. Kh2 Nd7 20. Rc4 Nc5 21. Rf4
Ne4 22. Bc1 Re7 23. Bb2 Rf8 24. a3 Rff7 25. Re1 Rf8 26. Qc2 h5 27. Bf3 Qe8 28.
Rf1 Qf7 29. g4 hxg4 30. hxg4 Qg6 31. Kg2 Bc5 32. Bc1 Re5 33. Rh1 1-0

[Event "AUTO-ELITE-969"]
[Site "http://www.queenalice.com/game.php?id=1054599"]
[Date "2012.4.30"]
[Round "1"]
[White "tupi_guarani"]
[Black "Chuzete"]
[Result "0-1"]
[WhiteElo "2512"]
[BlackElo "2418"]

1. d4 Nf6 2. Nf3 g6 3. c4 Bg7 4. Nc3 d6 5. e4 O-O 6. Be2 e5 7. dxe5 dxe5 8. Qxd8
Rxd8 9. Bg5 Re8 10. Nd5 Nxd5 11. cxd5 c6 12. d6 f6 13. Be3 Be6 14. Nd2 Bf8 15.
Nc4 b5 16. Na5 Bxd6 17. O-O Bb4 18. Nb7 Nd7 19. a3 Bf8 20. Na5 c5 21. Bxb5 Rab8
22. Ba4 Rxb2 23. Rad1 Rd8 24. f4 exf4 25. Bxf4 c4 26. Bc7 Rc8 27. Bxd7 Bxd7 28.
Rxd7 c3 29. Nc4 Bc5+ 30. Kh1 Rb7 31. Rc1 Rbxc7 32. Rxc7 Rxc7 0-1

[Event "Challenge"]
[Site "http://www.queenalice.com/game.php?id=1080438"]
[Date "2012.7.8"]
[Round "-"]
[White "tupi_guarani"]
[Black "Andre_ssp"]
[Result "1-0"]
[WhiteElo "2493"]
[BlackElo "1856"]

1. Nf3 f6 2. e4 d6 3. Nc3 Nc6 4. d4 e5 5. Be2 exd4 6. Nxd4 Nxd4 7. Qxd4 h6 8.
Bh5+ Kd7 9. Bf4 c5 10. Qa4+ Kc7 11. Nb5+ Kb8 12. O-O-O a6 13. Rxd6 Bxd6 14.
Bxd6+ Qxd6 15. Nxd6 Ne7 16. Qb3 Rd8 17. Bg4 Ra7 18. Qg3 Bxg4 19. Nc4+ Ka8 20.
Nb6# 1-0

[Event "Challenge"]
[Site "http://www.queenalice.com/game.php?id=1087044"]
[Date "2012.7.26"]
[Round "-"]
[White "Gabrisco"]
[Black "tupi_guarani"]
[Result "0-1"]
[WhiteElo "2398"]
[BlackElo "2494"]

1. e4 c5 2. Nf3 d6 3. Bb5+ Bd7 4. Bxd7+ Qxd7 5. O-O Nf6 6. d3 e6 7. Bf4 Be7 8.
h3 O-O 9. Nbd2 Nc6 10. c3 e5 0-1

[Event "AUTO-ELITE-907"]
[Site "http://www.queenalice.com/game.php?id=1090880"]
[Date "2012.8.6"]
[Round "2"]
[White "tupi_guarani"]
[Black "LoveChess"]
[Result "0-1"]
[WhiteElo "2506"]
[BlackElo "2751"]

1. d4 e6 2. c4 Nf6 3. Nf3 d5 4. Nc3 c6 5. e3 Nbd7 6. Bd3 dxc4 7. Bxc4 b5 8. Bd3
Bb7 9. e4 b4 10. Na4 c5 11. e5 Nd5 12. O-O Rc8 13. dxc5 Nxc5 14. Bb5+ Bc6 15.
Bxc6+ Rxc6 16. a3 Nd7 17. Bg5 Qb8 18. Rc1 Rxc1 19. Qxc1 Qb7 20. Rd1 h6 21. Bh4
g5 22. Bg3 Qa6 23. Qc2 bxa3 24. bxa3 Bxa3 25. h4 Be7 26. Rd4 Kf8 27. Qc1 Kg7 28.
hxg5 hxg5 29. Nxg5 Rc8 30. Qd1 Bxg5 31. Qh5 Nf8 32. Qxg5+ Ng6 33. Qd2 Qb5 34.
Qd1 Qc6 35. Re4 Qc1 36. Qxc1 Rxc1+ 37. Kh2 Rc2 38. f3 Kh6 39. Kg1 Kh5 40. Bf2
Ngf4 41. Nc5 Nc3 42. Re1 Ra2 43. Kf1 a5 44. g3 Nfd5 45. Ne4 a4 46. Nxc3 Nxc3 47.
Bd4 Nd5 48. Re2 Rxe2 49. Kxe2 a3 50. Kd2 Nb4 51. Bc3 a2 52. Bb2 Nc6 53. Kc2 Kg5
54. Kb3 Kf5 55. f4 Kg4 56. Kxa2 Kxg3 57. Bc1 Nd4 58. Bb2 Ne2 59. Kb3 Kxf4 60.
Kc4 Ng3 61. Kd4 Ne4 62. Bc1+ Kf5 63. Bh6 Ng5 64. Ke3 Kg6 65. Bf8 Nh7 66. Bb4 Kf5
67. Bd6 Ng5 68. Bc7 Ne4 69. Bb8 Ng3 70. Kd4 Kf4 71. Kc4 Ke4 72. Bd6 Nh5 73. Kc5
Nf4 74. Bc7 Nd3+ 75. Kd6 Nxe5 76. Ke7 Kf5 77. Bb6 f6 78. Bc5 Nc4 79. Kd7 e5 0-1

[Event "AUTO-ELITE-907"]
[Site "http://www.queenalice.com/game.php?id=1090881"]
[Date "2012.8.6"]
[Round "2"]
[White "LoveChess"]
[Black "tupi_guarani"]
[Result "1-0"]
[WhiteElo "2750"]
[BlackElo "2510"]

1. e4 c5 2. Nc3 Nc6 3. Nf3 e6 4. d4 cxd4 5. Nxd4 Qc7 6. Be3 a6 7. Qd2 Nf6 8.
O-O-O Bb4 9. f3 Ne5 10. Nb3 d5 11. Bd4 O-O 12. Kb1 dxe4 13. Qf4 Bd6 14. Nxe4
Nxe4 15. Qxe4 Nc6 16. Bb6 Qxb6 17. Rxd6 a5 18. a4 Qc7 19. Rd2 g6 20. Bb5 e5 21.
Re1 Bf5 22. Qc4 Be6 23. Qc3 Bxb3 24. cxb3 Rfc8 25. Bxc6 Qb6 26. Rd6 Rxc6 27.
Rxc6 bxc6 28. Rxe5 Qg1+ 29. Ka2 Qxh2 30. Rxa5 Rc8 31. g4 Qd6 32. Rc5 Qe6 33. a5
Ra8 34. Qc4 Qd6 35. g5 Kg7 36. b4 Qd1 37. Qc3+ Kg8 38. b3 Qe2+ 39. Ka3 Qe7 40.
Qf6 Qxf6 41. gxf6 Ra6 42. Ka4 1-0

[Event "OS INCLIVEIS"]
[Site "http://www.queenalice.com/game.php?id=1092647"]
[Date "2012.8.12"]
[Round "-"]
[White "adelio"]
[Black "tupi_guarani"]
[Result "0-1"]
[WhiteElo "1785"]
[BlackElo "2500"]

1. f4 d5 2. d4 Nf6 3. c4 Bf5 4. Nc3 e6 5. a3 dxc4 6. e3 Ne4 7. Nxe4 Bxe4 8. h4
Be7 9. Qa4+ Nc6 10. Ra2 Bxh4+ 11. Kd1 a6 12. Qxc4 Bd5 13. Qd3 Bxa2 14. b3 Na5
15. g3 Bxg3 16. e4 Bxb3+ 17. Ke2 Bc4 18. Rh3 Bxd3+ 19. Kxd3 Qd7 20. Ke3 Bxf4+
21. Kxf4 Qxd4 22. Ne2 Qf2+ 23. Rf3 g5+ 24. Kg4 Qh4# 0-1

[Event "OS INCLIVEIS"]
[Site "http://www.queenalice.com/game.php?id=1094665"]
[Date "2012.8.19"]
[Round "-"]
[White "tupi_guarani"]
[Black "adelio"]
[Result "1-0"]
[WhiteElo "2502"]
[BlackElo "1729"]

1. d4 d5 2. c4 e5 3. dxe5 d4 4. Nf3 c5 5. e3 Bg4 6. exd4 cxd4 7. Qxd4 Bxf3 8.
Qxd8+ Kxd8 9. gxf3 Nc6 10. f4 g6 11. Be3 Nb4 12. Na3 Nc6 13. O-O-O+ Ke8 14. Nb5
Rc8 15. Bh3 Be7 16. Bxc8 Nh6 17. Bxb7 Na5 18. Bd5 a6 19. Nc7+ Kf8 20. Bb6 Nxc4
21. Bxc4 Nf5 22. Rd7 Kg7 23. Bd3 Bf8 24. Ne6+ Kh6 25. Ng5 Ne7 26. Nxf7+ Kg7 27.
Nxh8 Kxh8 28. Bc5 Nd5 29. Bxf8 Nxf4 30. Bg7+ Kg8 31. Bc4+ Ne6 32. Bxe6# 1-0

[Event "Challenge"]
[Site "http://www.queenalice.com/game.php?id=1097463"]
[Date "2012.8.28"]
[Round "-"]
[White "scarabeli"]
[Black "tupi_guarani"]
[Result "0-1"]
[WhiteElo "1374"]
[BlackElo "2501"]

1. d4 d5 2. c4 c6 3. b3 Nf6 4. Nc3 Bf5 5. cxd5 Nxd5 6. Nxd5 cxd5 7. Nf3 Nc6 8.
g3 Nb4 9. Bg2 Nc2+ 10. Kd2 Qa5+ 11. b4 Qxb4# 0-1

[Event "Challenge"]
[Site "http://www.queenalice.com/game.php?id=1097466"]
[Date "2012.8.28"]
[Round "-"]
[White "tupi_guarani"]
[Black "scarabeli"]
[Result "1-0"]
[WhiteElo "2504"]
[BlackElo "1326"]

1. d4 d5 2. c4 e6 3. Nc3 c5 4. cxd5 exd5 5. Nf3 Qb6 6. Nxd5 Qd6 7. e4 Nc6 8.
dxc5 Qxc5 9. Nc7+ Ke7 10. Nxa8 Bg4 11. Be2 g6 12. O-O Bg7 13. Be3 1-0

[Event "BRASILEIRÃO"]
[Site "http://www.queenalice.com/game.php?id=1110272"]
[Date "2012.10.7"]
[Round "2"]
[White "tupi_guarani"]
[Black "Kuarwaki"]
[Result "0-1"]
[WhiteElo "2512"]
[BlackElo "2605"]

1. d4 Nf6 2. c4 e6 3. Nc3 Bb4 4. e3 O-O 5. Bd3 d5 6. Nf3 c5 7. O-O dxc4 8. Bxc4
Nc6 9. a3 Ba5 10. Qd3 a6 11. dxc5 Qxd3 12. Bxd3 Bxc3 13. bxc3 Na5 14. Bc2 Bd7
15. e4 Bc6 16. Re1 Nd7 17. Bg5 Nxc5 18. Be7 Nab3 19. Rad1 Rfe8 20. Bd6 Ba4 21.
Bb1 Rac8 22. e5 b5 23. Ba2 Na5 24. Rd4 Bb3 25. Bxc5 Rxc5 26. Bxb3 Nxb3 27. Rd6
Ra8 28. Re3 Rc4 29. g3 h6 30. Kg2 Ra4 31. c4 bxc4 32. Rc6 Rxa3 33. Rxc4 Na5 34.
Rcc3 Rxc3 35. Rxc3 Nb7 36. Rc7 Nd8 37. Nd2 a5 38. Nc4 g5 39. Nb6 Ra6 40. Na4 Kg7
41. h3 h5 42. Rd7 Nc6 43. Rd6 Nb4 44. Rxa6 Nxa6 45. Kf3 Nb4 46. Ke4 Kg6 47. Nc3
Nd5 48. Nb5 a4 49. Na3 h4 50. Kf3 hxg3 51. fxg3 Kf5 52. Nc4 g4+ 53. hxg4+ Kg5
54. Na3 Nb6 55. Ke4 Kxg4 56. Ke3 Kxg3 57. Nc2 Kg4 58. Kd4 Kf5 59. Kc5 Nd7+ 60.
Kb5 Nxe5 61. Kxa4 Ke4 62. Kb3 f5 63. Kc3 f4 64. Kd2 f3 0-1

[Event "Challenge"]
[Site "http://www.queenalice.com/game.php?id=1113706"]
[Date "2012.10.18"]
[Round "-"]
[White "jdimas"]
[Black "tupi_guarani"]
[Result "0-1"]
[WhiteElo "1273"]
[BlackElo "2503"]

1. e3 g6 2. d4 Nf6 3. a4 Bg7 4. c3 O-O 5. h4 Nc6 6. g4 d5 7. c4 Bxg4 8. f3 Be6
9. cxd5 Bxd5 10. e4 Nxe4 11. fxe4 Bxe4 12. Rh2 Qd6 13. Rh3 Nxd4 14. Na3 Rad8 15.
Be3 Bf5 16. Rh1 Qg3+ 17. Bf2 Qe5+ 18. Be2 Nxe2 19. Qxe2 Qa5+ 20. Kf1 Bd3 21. h5
Bxe2+ 22. Nxe2 Bxb2 23. Nc4 Qd5 0-1

[Event "L"]
[Site "http://www.queenalice.com/game.php?id=1147050"]
[Date "2013.1.30"]
[Round "-"]
[White "Kir"]
[Black "tupi_guarani"]
[Result "0-1"]
[WhiteElo "2239"]
[BlackElo "2505"]

1. d4 Nf6 2. c4 e6 3. Nc3 Bb4 4. a3 Bxc3+ 5. bxc3 c5 6. dxc5 Qa5 7. Rb1 Qxc3+ 8.
Qd2 Qxd2+ 9. Bxd2 Na6 10. Be3 Ne4 11. Rd1 Nexc5 12. Nf3 b6 13. Nd4 Bb7 14. Nb5
Bc6 15. Nd6+ Ke7 16. Bf4 f6 17. Bg3 h5 18. h4 g6 19. Rg1 Rhg8 20. f3 e5 21. f4
Ba4 22. Rd2 e4 23. Bf2 f5 24. Rh1 Nb3 25. Rd1 Na5 26. Rd4 Nc5 27. Rd5 Ne6 28. c5
Bc6 29. Rd1 bxc5 30. e3 Ba4 31. Nb5 Bxd1 0-1

[Event "OS INCLIVEIS"]
[Site "http://www.queenalice.com/game.php?id=1150199"]
[Date "2013.2.9"]
[Round "-"]
[White "adelio"]
[Black "tupi_guarani"]
[Result "0-1"]
[WhiteElo "1722"]
[BlackElo "2504"]

1. Nf3 Nf6 2. c4 g6 3. d4 Bg7 4. Nc3 O-O 5. e4 d6 6. h3 c5 7. d5 e6 8. Bg5 exd5
9. cxd5 Re8 10. Bxf6 Bxf6 11. g4 Bxc3+ 12. bxc3 Rxe4+ 13. Be2 f5 14. g5 Nd7 15.
h4 Qa5 16. Qc2 Nb6 17. h5 Nxd5 18. hxg6 hxg6 19. Kd2 Nxc3 20. Qxc3 Rxe2+ 21. Kd3
c4+ 22. Qxc4+ Be6 23. Qd4 Qa6+ 24. Kc3 Qa3# 0-1

[Event "OS INCLIVEIS"]
[Site "http://www.queenalice.com/game.php?id=1150200"]
[Date "2013.2.9"]
[Round "-"]
[White "tupi_guarani"]
[Black "adelio"]
[Result "1-0"]
[WhiteElo "2503"]
[BlackElo "1790"]

1. d4 d5 2. c4 c5 3. cxd5 c4 4. Nc3 Bd7 5. e4 g6 6. Bxc4 a6 7. Nf3 Bg4 8. h3
Bxf3 9. Qxf3 Bg7 10. e5 Nd7 11. d6 e6 12. Qxb7 Qb8 13. Bxa6 Rxa6 14. Qxa6 f6 15.
d5 fxe5 16. dxe6 Nb6 17. d7+ Kd8 18. Be3 Nxd7 19. O-O-O Ne7 20. Qa4 Qc8 21.
Rxd7+ Qxd7 22. Qxd7# 1-0

[Event "AUTO-ELITE-1152"]
[Site "http://www.queenalice.com/game.php?id=1180183"]
[Date "2013.5.10"]
[Round "1"]
[White "tupi_guarani"]
[Black "ggg09"]
[Result "1-0"]
[WhiteElo "2508"]
[BlackElo "2170"]

1. d4 e6 2. c4 Bb4+ 3. Bd2 Qe7 4. Nf3 Nf6 5. g3 Nc6 6. Nc3 Bxc3 7. Bxc3 Ne4 8.
Qc2 Nxc3 9. Qxc3 Qb4 10. Qxb4 Nxb4 11. Kd2 O-O 12. Bg2 b6 13. Kc3 Nc6 14. Ne5
Bb7 15. Nxd7 Rfd8 16. Ne5 Rd6 17. c5 Rxd4 18. Bxc6 1-0

[Event "AUTO-ELITE-1152"]
[Site "http://www.queenalice.com/game.php?id=1180184"]
[Date "2013.5.10"]
[Round "1"]
[White "ggg09"]
[Black "tupi_guarani"]
[Result "0-1"]
[WhiteElo "2122"]
[BlackElo "2509"]

1. e4 c5 2. Nf3 d6 3. d4 cxd4 4. Nxd4 Nf6 5. Nc3 a6 6. Bg5 e6 7. Qf3 h6 8. Bh4
Nbd7 9. O-O-O Qc7 10. Bd3 Be7 11. Rhe1 O-O 12. Kb1 b5 13. a3 Rb8 14. Na2 Bb7 15.
Rd2 Nxe4 16. Bxe4 Bxh4 17. Bxb7 Rxb7 18. Qe4 Bf6 19. f4 d5 20. Qe3 Nb6 21. Rd3
Nc4 22. Qe2 Qxf4 23. g3 Qd6 24. c3 a5 25. Qf2 Qa6 0-1

[Event "AUTO-ELITE-1152"]
[Site "http://www.queenalice.com/game.php?id=1180185"]
[Date "2013.5.10"]
[Round "1"]
[White "tupi_guarani"]
[Black "chessprm"]
[Result "1-0"]
[WhiteElo "2510"]
[BlackElo "2319"]

1. d4 e6 2. c4 Nf6 3. Nf3 b6 4. g3 Bb7 5. Bg2 Be7 6. O-O O-O 7. Nc3 Ne4 8. Qc2
Nxc3 9. Qxc3 f5 10. Bf4 Bf6 11. Qd2 Be4 12. Rfd1 Re8 13. Rac1 d6 14. Ng5 Bxg2
15. Kxg2 e5 16. dxe5 dxe5 17. Qb4 Qe7 18. Qxe7 Rxe7 19. Rd8+ 1-0

[Event "AUTO-ELITE-1152"]
[Site "http://www.queenalice.com/game.php?id=1180186"]
[Date "2013.5.10"]
[Round "1"]
[White "chessprm"]
[Black "tupi_guarani"]
[Result "1-0"]
[WhiteElo "2313"]
[BlackElo "2514"]

1. d4 Nf6 2. Nf3 g6 3. Bf4 Bg7 4. e3 O-O 5. h3 d6 6. Be2 c5 7. c3 Qb6 8. Qb3 Be6
9. Qxb6 axb6 10. a3 cxd4 11. exd4 Na6 12. O-O Nc7 13. Nbd2 Bd7 14. Rfe1 Bc6 15.
Bc4 Rfe8 16. Bb3 b5 17. Rac1 Ncd5 18. Bh2 Kf8 19. Ng5 1-0